|
|
|
|
| LEADER |
02097nam a22003257a 4500 |
| 001 |
35448 |
| 003 |
BD-DhAAL |
| 005 |
20250622154129.0 |
| 008 |
211026t2005 bg ||||| b||| 00| 0 ben d |
| 020 |
|
|
|a 9844654092
|
| 040 |
|
|
|a BD-DhAAL
|d BD-DhAAL
|
| 041 |
|
|
|a ben
|
| 082 |
|
|
|a 306.4495492
|
| 100 |
|
|
|a মতিন, আবদুল.
|9 42218
|
| 245 |
|
|
|a ভাষা আন্দোলন :
|b ইতিহাস ও তাৎপর্য /
|c আবদুল মতিন ও আহমদ রফিক.
|
| 260 |
|
|
|a ঢাকা :
|b সাহিত্য প্রকাশ,
|c ২০০৫ (তৃতীয় সংস্করণ),
|c ১৯৯১ [পঞ্চম মুদ্রণ ২০১৭].
|
| 300 |
|
|
|a ২৪৫ পৃষ্ঠা,
|a ২৫২ পৃষ্ঠা ;
|c ২২ সে.মি.
|
| 504 |
|
|
|a গ্রন্থপঞ্জিগত নির্দেশিকা ও নির্ঘণ্ট অন্তর্ভুক্ত।
|
| 526 |
|
|
|a BIED
|
| 541 |
|
|
|a Complimentary copy from BIED, Donated by Akbar Ali Khan, Development Book Agency
|e 35448, 38355, 40778
|
| 650 |
|
|
|a Bengali language movement.
|9 42219
|
| 650 |
|
|
|a Bengali language
|x Political aspects
|z Bangladesh.
|9 42220
|
| 650 |
|
|
|a Bengali language
|x Political aspects.
|9 42221
|
| 700 |
|
|
|a রফিক, আহমদ
|9 42222
|
| 852 |
|
|
|a Ayesha Abed Library
|c BIED Collection
|
| 942 |
|
|
|2 ddc
|c BK
|
| 999 |
|
|
|c 43271
|d 43271
|
| 952 |
|
|
|0 0
|1 0
|2 ddc
|4 0
|6 306_449549200000000_MAT
|7 0
|9 69422
|a BRACUL
|b BRACUL
|c GEN
|d 2021-10-26
|e Complimentary copy from BIED
|l 0
|o 306.4495492 MAT
|p 3010035448
|r 2021-10-26
|t 1
|w 2021-10-26
|y BK
|x Transferred from BIED to General Stacks
|
| 952 |
|
|
|0 0
|1 0
|2 ddc
|3 Please send to the cataloguing team for changing the author mark
|4 0
|6 306_449549200000000_MOT
|7 1
|9 70489
|a BRACUL
|b BRACUL
|c CS1
|d 2022-04-11
|e Donated by Akbar Ali Khan
|l 0
|o 306.4495492 MOT
|p 3010038355
|r 2022-04-11
|t 2
|w 2022-04-11
|y BK
|
| 952 |
|
|
|0 0
|1 0
|2 ddc
|4 0
|6 306_449549200000000_MAT
|7 0
|9 72942
|a SCL
|b SCL
|c GEN
|d 2023-01-15
|e Development Book Agency
|g 383.00
|l 5
|m 5
|o 306.4495492 MAT
|p 3020040778
|r 2024-12-19
|s 2024-12-18
|t 3
|v 383.00
|w 2023-01-15
|y BK
|